000 00492nam a2200181Ia 4500
001 2088
005 20260306143816.0
008 260306t2015||||xx |||||||||||||| ||spa||
041 _aESP
082 _a612.8
_bC75 V. 1
100 _aColmenares Gil, Fernando
_eAUT
245 0 _aFundamentos de psicobiología:
_bconceptos, principios, evolución, desarrollo y herencia
260 _c2015
300 _a417 páginas :
_c23 cm.
650 _aGEN
654 _aCPS
942 _cLIB
_dJUS
_fJUS
_2ddc
_n
999 _c2088
_d2088